All Steel-Type Pokémon - Statistics

General Stats
  • This quiz has been taken 5 times
  • The average score is 32 of 67
Answer Stats
Type Nat Dex No. Answer % Correct
Dark/Steel #0625 Bisharp
75%
Grass/Steel #0598 Ferrothorn
75%
Electric/Steel #0081 Magnemite
75%
Electric/Steel #0082 Magneton
75%
Electric/Steel #0462 Magnezone
75%
Dark/Steel #0624 Pawniard
75%
Bug/Steel #0212 Scizor
75%
Steel/Flying #0227 Skarmory
75%
Steel/Ground #0208 Steelix
75%
Steel/Ghost #0681 Aegislash
50%
Steel/Rock #0306 Aggron
50%
Steel/Dragon #1018 Archaludon
50%
Steel/Rock #0304 Aron
50%
Steel/Psychic #0374 Beldum
50%
Steel/Psychic #0437 Bronzong
50%
Steel/Flying #0797 Celesteela
50%
Steel/Fighting #0638 Cobalion
50%
Steel #0879 Copperajah
50%
Flying/Steel #0823 Corviknight
50%
Steel #0878 Cufant
50%
Steel/Dragon #0483 Dialga
50%
Steel/Ghost #0680 Doublade
50%
Steel/Dragon #0884 Duraludon
50%
Water/Steel #0395 Empoleon
50%
Bug/Steel #0589 Escavalier
50%
Ground/Steel #0530 Excadrill
50%
Grass/Steel #0597 Ferroseed
50%
Bug/Steel #0205 Forretress
50%
Bug/Steel #0649 Genesect
50%
Fire/Steel #0485 Heatran
50%
Steel/Ghost #0679 Honedge
50%
Steel/Psychic #0385 Jirachi
50%
Dark/Steel #0983 Kingambit
50%
Steel/Fairy #0707 Klefki
50%
Steel/Rock #0305 Lairon
50%
Fighting/Steel #0448 Lucario
50%
Steel/Fairy #0801 Magearna
50%
Steel #0809 Melmetal
50%
Steel #0808 Meltan
50%
Steel/Psychic #0376 Metagross
50%
Steel/Psychic #0375 Metang
50%
Steel #0968 Orthworm
50%
Steel #0379 Registeel
50%
Steel/Poison #0966 Revavroom
50%
Psychic/Steel #0791 Solgaleo
50%
Rock/Steel #0805 Stakataka
50%
Fairy/Steel #0957 Tinkatink
50%
Fairy/Steel #0959 Tinkaton
50%
Electric/Steel #0777 Togedemaru
50%
Steel/Poison #0965 Varoom
50%
Fairy/Steel (Crowned Form) #0888 Zacian
50%
Fighting/Steel (Crowned Form) #0889 Zamazenta
50%
Rock/Steel #0411 Bastiodon
25%
Steel/Psychic #0436 Bronzor
25%
Bug/Steel #0632 Durant
25%
Steel/Ghost #1000 Gholdengo
25%
Steel/Psychic #1023 Iron Crown
25%
Ground/Steel #0990 Iron Treads
25%
Grass/Steel #0798 Kartana
25%
Steel #0600 Klang
25%
Steel #0599 Klink
25%
Steel #0601 Klinklang
25%
Steel/Fairy #0303 Mawile
25%
Steel #0863 Perrserker
25%
Rock/Steel #0476 Probopass
25%
Rock/Steel #0410 Shieldon
25%
Fairy/Steel #0958 Tinkatuff
25%
No matching quizzes found
Score Distribution
Percent of People with Each Score
Percentile by Number Answered
Your Score History
You have not taken this quiz